| 000 | 00680cab a2200217 4500 | ||
|---|---|---|---|
| 001 | ABS51588 | ||
| 008 | 090401t1994 xxu||||| |||| 00| 0 eng d | ||
| 035 | _a(Sirsi) u34227 | ||
| 041 | _aeng | ||
| 100 | _aMcAusland, S. | ||
| 245 | _aInstalling a GIS - strategies for success | ||
| 260 | _c1994 | ||
| 350 | _a0 | ||
| 490 |
_aMapping Awareness _v8(8) October 1994, 14-15(2) |
||
| 520 | _aStresses the importance to the user of deciding what is required of the software and of the need for GIS suppliers to design with those requirements in mind. | ||
| 650 | _aGIS | ||
| 650 | _aIMPLEMENTATION | ||
| 690 | _aMAPPING AND MEASUREMENT | ||
| 942 | _n0 | ||
| 948 | _c04/03/1997 | ||
| 999 |
_c22699 _d22699 |
||